| 000 | 00912cam a2200325 4500 | ||
|---|---|---|---|
| 001 | ABS66226 | ||
| 008 | 030106n2002 000 0 eng u | ||
| 035 | _a(Sirsi) u120914 | ||
| 245 | _aFocus 2002: Yorkshire update | ||
| 260 | _c2002 | ||
| 490 |
_aEstates Gazette _v(0249) 7 December 2002, 75-95 (8) |
||
| 590 | _aABS | ||
| 650 | _aPROPERTY-COMMERCIAL PROPERTY-RETAIL PROPERTY-RETAIL PROPERTY MARKET | ||
| 650 | _aINDUSTRIAL MARKET | ||
| 650 | _aPROPERTY-COMMERCIAL PROPERTY-OFFICE PROPERTY-OFFICE PROPERTY MARKET | ||
| 650 | _aLEISURE MARKET | ||
| 650 | _aLEEDS | ||
| 650 | _aDONCASTER | ||
| 650 | _aBRADFORD | ||
| 650 | _aYORK | ||
| 650 | _aHULL | ||
| 650 | _aSHEFFIELD | ||
| 650 | _aHUDDERSFIELD | ||
| 650 | _aHARROGATE | ||
| 650 | _aWAKEFIELD | ||
| 650 | _aYORKSHIRE | ||
| 650 | _aHUMBERSIDE | ||
| 690 | _aPROPERTY-COMMERCIAL PROPERTY-COMMERCIAL PROPERTY MARKET | ||
| 942 | _n0 | ||
| 999 |
_c71872 _d71872 |
||